<?xml version="1.0" encoding="UTF-8"?><?xml-stylesheet type="text/xsl" href="static/style.xsl"?><OAI-PMH xmlns="http://www.openarchives.org/OAI/2.0/" xmlns:xsi="http://www.w3.org/2001/XMLSchema-instance" xsi:schemaLocation="http://www.openarchives.org/OAI/2.0/ http://www.openarchives.org/OAI/2.0/OAI-PMH.xsd"><responseDate>2026-04-18T02:09:39Z</responseDate><request verb="GetRecord" identifier="oai:www.recercat.cat:10459.1/64091" metadataPrefix="marc">https://recercat.cat/oai/request</request><GetRecord><record><header><identifier>oai:recercat.cat:10459.1/64091</identifier><datestamp>2024-12-05T22:16:47Z</datestamp><setSpec>com_2072_3622</setSpec><setSpec>col_2072_479130</setSpec></header><metadata><record xmlns="http://www.loc.gov/MARC21/slim" xmlns:dcterms="http://purl.org/dc/terms/" xmlns:xsi="http://www.w3.org/2001/XMLSchema-instance" xmlns:doc="http://www.lyncode.com/xoai" xsi:schemaLocation="http://www.loc.gov/MARC21/slim http://www.loc.gov/standards/marcxml/schema/MARC21slim.xsd">
   <leader>00925njm 22002777a 4500</leader>
   <datafield ind2=" " ind1=" " tag="042">
      <subfield code="a">dc</subfield>
   </datafield>
   <datafield ind2=" " ind1=" " tag="720">
      <subfield code="a">Sabalza Gallués, Maite</subfield>
      <subfield code="e">author</subfield>
   </datafield>
   <datafield ind2=" " ind1=" " tag="260">
      <subfield code="c">2013-12-12T12:22:03Z</subfield>
   </datafield>
   <datafield ind2=" " ind1=" " tag="260">
      <subfield code="c">2014-01-25T06:45:04Z</subfield>
   </datafield>
   <datafield ind2=" " ind1=" " tag="260">
      <subfield code="c">2013-01-24</subfield>
   </datafield>
   <datafield ind2=" " ind1=" " tag="520">
      <subfield code="a">La infecció pel virus de la immunodeficiència humana (VIH), és un dels problemes sanitaris i de desenvolupament més greus del món actual. Evitar la infecció és una de les estratègies que podria ajudar a reduir l’expansió del virus. Els microbicides són una nova classe de fàrmacs que podrien ajudar a realitzar-ho. Alguns dels reptes a superar que podrien frenar el desenvolupament de microbicides efectius son: que les molècules resultants siguin efectives, que la producció es pugui ampliar ràpidament i que els costos de producció puguin ser reduïts. Un dels sistemes de producció més prometedors son les plantes, al ser un sistema econòmic i segur. La producció de proteïnes recombinants farmacèutiques en plantes s’anomena “molecular pharming”. El principal objectiu d’aquesta tesis és la producció, individual o combinada, de molècules microbicides en llavors de blat de moro per tal de desenvolupar una nova estratègia de producció mes econòmica aplicable als països en vies de desenvolupament. La bioseguretat i els temes relacionats amb la legislació relativa a cultius millorats genèticament també són una part important d’aquesta tesi, ja que frenen el desenvolupament i la comercialització global d’aquest tipus de cultius.</subfield>
   </datafield>
   <datafield ind2=" " ind1=" " tag="520">
      <subfield code="a">El virus de la inmunodeficiencia humana (VIH) es en la actualidad uno de los problemas de salud pública más graves en el mundo. La aplicación de medidas preventivas para evitar la infección por VIH es la principal vía para reducir la expansión del virus. Los microbicidas son una nueva clase de productos antivirales de bajo coste que podrían ayudar a conseguirlo. Algunos de los obstáculos que pueden frenar el desarrollo de microbicidas son la viabilidad, el aumento de área de cultivo y los altos costes de producción. Se están evaluando muchas plataformas para la producción de microbicidas. Una de las más prometedoras son las plantas, ya que constituyen un sistema económico y seguro. A la producción de proteínas recombinantes farmacéuticas en plantas se le denomina “molecular pharming”. El principal objetivo de esta tesis es el estudio de la producción de moléculas microbicidas tanto a nivel individual (una sola molécula) como combinada (simultaneamente varias moléculas) en semillas de maíz con el fin de desarrollar una nueva estrategia mas económica capaz de evitar la infección por VIH en países en vías de desarrollo. La bioseguridad y los temas relacionados con la legislación relativa a cultivos mejorados genéticamente también son una parte importante de esta tesis, ya que limitan el desarrollo y la comercialización global de este tipo de cultivos.</subfield>
   </datafield>
   <datafield ind2=" " ind1=" " tag="520">
      <subfield code="a">HIV remains one of the world’s most serious health and development challenges. Preventing HIV infection is one of the strategies that could slow down the spread of the virus. Microbicides are a new class of products that could address this need. However, the feasibility of manufacturing, scalability, and cost are some of the challenges that can undermine the development of cost effective microbicides. One of the most promising production systems is plants because of cost benefits and biological safety. Production of medically important recombinant proteins in plants is known as molecular pharming. The focus of this thesis is the production of microbicide components individually or in combination in maize seeds in order to develop a novel and inexpensive strategy for the prevention of HIV infections in the developing world. I also discuss non-technical barriers to the adoption of GE crops in the European Union and their serious consequences.</subfield>
   </datafield>
   <datafield ind1="8" ind2=" " tag="024">
      <subfield code="a">http://hdl.handle.net/10459.1/64091</subfield>
   </datafield>
   <datafield tag="653" ind2=" " ind1=" ">
      <subfield code="a">Molecular pharming</subfield>
   </datafield>
   <datafield tag="653" ind2=" " ind1=" ">
      <subfield code="a">Microbicides</subfield>
   </datafield>
   <datafield tag="653" ind2=" " ind1=" ">
      <subfield code="a">Panís</subfield>
   </datafield>
   <datafield tag="653" ind2=" " ind1=" ">
      <subfield code="a">Microbicidas</subfield>
   </datafield>
   <datafield tag="653" ind2=" " ind1=" ">
      <subfield code="a">Maíz</subfield>
   </datafield>
   <datafield tag="653" ind2=" " ind1=" ">
      <subfield code="a">Maize</subfield>
   </datafield>
   <datafield tag="653" ind2=" " ind1=" ">
      <subfield code="a">Blat de moro</subfield>
   </datafield>
   <datafield tag="653" ind2=" " ind1=" ">
      <subfield code="a">VIH (Virus)</subfield>
   </datafield>
   <datafield tag="653" ind2=" " ind1=" ">
      <subfield code="a">Producció Vegetal</subfield>
   </datafield>
   <datafield tag="653" ind2=" " ind1=" ">
      <subfield code="a">00</subfield>
   </datafield>
   <datafield ind2="0" ind1="0" tag="245">
      <subfield code="a">Maize seeds as a production and delivery platform for HIV microbicides</subfield>
   </datafield>
</record></metadata></record></GetRecord></OAI-PMH>